Effect of unrepresented model errors on estimated soil hydraulic material properties
Unrepresented model errors influence the estimation of effective soil hydraulic material properties. As the required model complexity for a consistent description of the measurement data is application dependent and unknown a priori, we implemented a structural error analysis based on the inversion...
Saved in:
| Main Authors: | , |
|---|---|
| Format: | Article (Journal) |
| Language: | English |
| Published: |
1 September 2017
|
| In: |
Hydrology and earth system sciences
Year: 2017, Volume: 21, Issue: 9, Pages: 4301-4322 |
| ISSN: | 1607-7938 |
| DOI: | 10.5194/hess-21-4301-2017 |
| Online Access: | Verlag, kostenfrei, Volltext: https://www.hydrol-earth-syst-sci.net/21/4301/2017/ Verlag, kostenfrei, Volltext: http://dx.doi.org/10.5194/hess-21-4301-2017 |
| Author Notes: | S. Jaumann and K. Roth |
MARC
| LEADER | 00000caa a2200000 c 4500 | ||
|---|---|---|---|
| 001 | 1580120105 | ||
| 003 | DE-627 | ||
| 005 | 20240316100511.0 | ||
| 007 | cr uuu---uuuuu | ||
| 008 | 180816s2017 xx |||||o 00| ||eng c | ||
| 024 | 7 | |a 10.5194/hess-21-4301-2017 |2 doi | |
| 035 | |a (DE-627)1580120105 | ||
| 035 | |a (DE-576)510120105 | ||
| 035 | |a (DE-599)BSZ510120105 | ||
| 035 | |a (OCoLC)1341017163 | ||
| 040 | |a DE-627 |b ger |c DE-627 |e rda | ||
| 041 | |a eng | ||
| 084 | |a 29 |2 sdnb | ||
| 100 | 1 | |a Jaumann, Stefan |e VerfasserIn |0 (DE-588)1076498329 |0 (DE-627)834993430 |0 (DE-576)445363827 |4 aut | |
| 245 | 1 | 0 | |a Effect of unrepresented model errors on estimated soil hydraulic material properties |c S. Jaumann and K. Roth |
| 264 | 1 | |c 1 September 2017 | |
| 300 | |a 22 | ||
| 336 | |a Text |b txt |2 rdacontent | ||
| 337 | |a Computermedien |b c |2 rdamedia | ||
| 338 | |a Online-Ressource |b cr |2 rdacarrier | ||
| 500 | |a Published 1 September 2017 | ||
| 500 | |a Gesehen am 16.08.2018 | ||
| 520 | |a Unrepresented model errors influence the estimation of effective soil hydraulic material properties. As the required model complexity for a consistent description of the measurement data is application dependent and unknown a priori, we implemented a structural error analysis based on the inversion of increasingly complex models. We show that the method can indicate unrepresented model errors and quantify their effects on the resulting material properties. To this end, a complicated 2-D subsurface architecture (ASSESS) was forced with a fluctuating groundwater table while time domain reflectometry (TDR) and hydraulic potential measurement devices monitored the hydraulic state. In this work, we analyze the quantitative effect of unrepresented (i) sensor position uncertainty, (ii) small scale-heterogeneity, and (iii) 2-D flow phenomena on estimated soil hydraulic material properties with a 1-D and a 2-D study. The results of these studies demonstrate three main points: (i) the fewer sensors are available per material, the larger is the effect of unrepresented model errors on the resulting material properties. (ii) The 1-D study yields biased parameters due to unrepresented lateral flow. (iii) Representing and estimating sensor positions as well as small-scale heterogeneity decreased the mean absolute error of the volumetric water content data by more than a factor of 2 to 0. 004. | ||
| 700 | 1 | |a Roth, Kurt |d 1955- |e VerfasserIn |0 (DE-588)1051689708 |0 (DE-627)786591668 |0 (DE-576)407255893 |4 aut | |
| 773 | 0 | 8 | |i Enthalten in |t Hydrology and earth system sciences |d Munich : EGU, 1997 |g 21(2017), 9, Seite 4301-4322 |h Online-Ressource |w (DE-627)36277417X |w (DE-600)2100610-6 |w (DE-576)281220301 |x 1607-7938 |7 nnas |a Effect of unrepresented model errors on estimated soil hydraulic material properties |
| 773 | 1 | 8 | |g volume:21 |g year:2017 |g number:9 |g pages:4301-4322 |g extent:22 |a Effect of unrepresented model errors on estimated soil hydraulic material properties |
| 856 | 4 | 0 | |u https://www.hydrol-earth-syst-sci.net/21/4301/2017/ |x Verlag |z kostenfrei |3 Volltext |
| 856 | 4 | 0 | |u http://dx.doi.org/10.5194/hess-21-4301-2017 |x Verlag |x Resolving-System |z kostenfrei |3 Volltext |
| 951 | |a AR | ||
| 992 | |a 20180816 | ||
| 993 | |a Article | ||
| 994 | |a 2017 | ||
| 998 | |g 1051689708 |a Roth, Kurt |m 1051689708:Roth, Kurt |d 130000 |d 130500 |e 130000PR1051689708 |e 130500PR1051689708 |k 0/130000/ |k 1/130000/130500/ |p 2 |y j | ||
| 998 | |g 1076498329 |a Jaumann, Stefan |m 1076498329:Jaumann, Stefan |d 130000 |d 130500 |e 130000PJ1076498329 |e 130500PJ1076498329 |k 0/130000/ |k 1/130000/130500/ |p 1 |x j | ||
| 999 | |a KXP-PPN1580120105 |e 3022476019 | ||
| BIB | |a Y | ||
| SER | |a journal | ||
| JSO | |a {"relHost":[{"origin":[{"publisher":"EGU","dateIssuedKey":"1997","dateIssuedDisp":"1997-","publisherPlace":"Munich"}],"id":{"zdb":["2100610-6"],"issn":["1607-7938"],"eki":["36277417X"]},"disp":"Effect of unrepresented model errors on estimated soil hydraulic material propertiesHydrology and earth system sciences","recId":"36277417X","title":[{"title":"Hydrology and earth system sciences","subtitle":"an interactive open-access journal of the European Geosciences Union","title_sort":"Hydrology and earth system sciences"}],"language":["eng"],"physDesc":[{"extent":"Online-Ressource"}],"type":{"media":"Online-Ressource","bibl":"periodical"},"corporate":[{"display":"European Geophysical Society","role":"isb"},{"display":"European Geosciences Union","role":"isb"}],"part":{"text":"21(2017), 9, Seite 4301-4322","extent":"22","pages":"4301-4322","volume":"21","issue":"9","year":"2017"},"pubHistory":["1.1997 -"],"titleAlt":[{"title":"HESS"}],"note":["Gesehen am 30.11.2020","Beteil. Körp. anfangs: European Geophysical Society"]}],"note":["Published 1 September 2017","Gesehen am 16.08.2018"],"id":{"eki":["1580120105"],"doi":["10.5194/hess-21-4301-2017"]},"origin":[{"dateIssuedKey":"2017","dateIssuedDisp":"1 September 2017"}],"name":{"displayForm":["S. Jaumann and K. Roth"]},"recId":"1580120105","person":[{"display":"Jaumann, Stefan","family":"Jaumann","role":"aut","given":"Stefan"},{"display":"Roth, Kurt","role":"aut","given":"Kurt","family":"Roth"}],"title":[{"title":"Effect of unrepresented model errors on estimated soil hydraulic material properties","title_sort":"Effect of unrepresented model errors on estimated soil hydraulic material properties"}],"type":{"media":"Online-Ressource","bibl":"article-journal"},"physDesc":[{"extent":"22 S."}],"language":["eng"]} | ||
| SRT | |a JAUMANNSTEEFFECTOFUN1201 | ||